Statistics for Every Incorporated City in the Spokane CSA

Click here to take the quiz!

General Stats

  • This quiz has been taken 17 times
    (9 since last reset)
  • The average score is 20 of 38

Answer Stats

CountyPopulationCity% Correct
Kootenai54,688Post Falls
100%
Spokane229,735Spokane
100%
Spokane112,551Spokane Valley
100%
Spokane11,157Airway Heights
83%
Spokane13,102Cheney
83%
Kootenai59,448Coeur d'Alene
83%
Spokane5,580Deer Park
83%
Spokane13,656Liberty Lake
83%
Spokane4,761Medical Lake
83%
Spokane1,930Millwood
83%
Pend Oreille2,286Newport
83%
Spokane613Rockford
83%
Spokane174Latah
67%
Spokane295Spangle
67%
Stevens2,666Chewelah
50%
Kootenai232Harrison
50%
Kootenai18,010Hayden
50%
Stevens1,695Kettle Falls
50%
Pend Oreille182Metaline
50%
Pend Oreille311Metaline Falls
50%
Kootenai13,623Rathdrum
50%
Stevens258Springdale
50%
Kootenai771Athol
33%
Stevens5,143Colville
33%
Kootenai2,598Dalton Gardens
33%
Spokane598Fairfield
33%
Kootenai785Hauser
33%
Kootenai683Hayden Lake
33%
Kootenai106Huetter
33%
Pend Oreille495Ione
33%
Kootenai2,827Spirit Lake
33%
Kootenai45State Line
33%
Spokane121Waverly
33%
Pend Oreille168Cusick
17%
Kootenai167Fernan Lake Village
17%
Stevens224Marcus
17%
Stevens302Northport
17%
Kootenai258Worley
17%

Score Distribution

Percentile by Number Answered

Percent of People with Each Score

Your Score History

You have not taken this quiz since the last reset